00331nam a2200133Ia 45000030006000000080041000060400015000471000024000622450021000862600053001073000006001605460014001660050017001800STCL150530s9999 xx 000 0 und d aSTCLcSTCL aRamapurathu Warrier aBhasha Ashtapadi bKerala Sahitya Academi; Thrissurc1977aThrissur a0 aMalayalam20220125170711.0